000 00459nam a2200181Ia 4500
999 _c55433
_d55433
003 GCL
005 20240530105356.0
008 140319s9999 xx 000 0 ara d
040 _aGCL /
_cGCL
082 0 4 _a953.101
_bح ح
245 _a؟؟؟؟؟؟
260 _a[S.N] :
_bدار مكتبةالهلال
300 _a455 ص
650 0 4 _aالموحدون
650 0 4 _aالوهابية
650 0 4 _aمحمد بن عبدالوهاب
942 _2ddc
_cBK